000 00584nam a2200241Ia 4500
003 OSt
005 20221005120124.0
006 a|||||r|||| 00| 0
007 ta
008 221004b |||||||| |||| 00| 0 eng d
024 _a30596
037 _cTextual
040 _aCRL
_cCRL
_beng
041 _2eng
_aeng
082 _aM553xM41, H8
100 _aDumont Henri
_9614772
245 0 _aDegas
260 _c1948
490 _a(Hyperion miniatures)
650 _aINDUSTRIAL ARTS
942 _hM553xM41, H8
_cTEXL
_2cc
999 _c1036941
_d1036941